Name these People by Year (1900 - 1939) - Statistics

General Stats
  • This quiz has been taken 226 times
  • The average score is 22 of 40
Answer Stats
Picture Hint Answer % Correct
1917
US President
John F Kennedy
95%
1929
Civil Rights leader
Martin Luther King Jr
94%
1910
Catholic Saint
Mother Teresa
92%
1918
South African President
Anti-Apartheid Leader
Nelson Mandela
91%
1925
Civil Rights leader
Malcolm X
84%
1931
Soviet Leader
Mikhail Gorbachev
84%
1926
Monarch
Elizabeth II
82%
1915
Singer
Frank Sinatra
81%
1924
US President
Jimmy Carter
81%
1921
Royal
Prince Philip, Duke of Edinburgh
78%
1930
Astronaut
Buzz Aldrin
76%
1900
Royal
Queen Elizabeth the Queen Mother
76%
1920
Pope
John Paul II
75%
1937
Actor
Jack Nicholson
70%
1901
Film Pioneer
Walt Disney
68%
1934
Cosmonaut
Yuri Gagarin
66%
1927
Pope
Benedict XVI
64%
1923
US Secretary of State
Henry Kissinger
61%
1913
Olympic Athlete
Jesse Owens
60%
1932
Country Singer
Johnny Cash
59%
1936
Singer
Buddy Holly
56%
1903
Novelist
George Orwell
56%
1919
Mountaineer
Edmund Hilary
53%
1933
Actor
Gene Wilder
53%
1922
Actress
Betty White
52%
1939
Comedian
John Cleese
50%
1938
UN Secretary General
Kofi Annan
48%
1935
Actress
Julie Andrews
47%
1911
Actress
Lucille Ball
46%
1928
Children's TV Host
Fred Rogers
39%
1907
President of Haiti
François Duvalier
37%
1912
TV Chef
Julia Child
35%
1914
Actor
Alec Guinness
33%
1904
Paramount Leader of China
Deng Xiaoping
33%
1905
Writer
Objectivist
Ayn Rand
22%
1906
Comedian
Lou Costello
22%
1908
Industrialist
Righteous Among the Nations
Oskar Schindler
18%
1902
Philosopher
Karl Popper
6%
1916
Australian Prime Minister
Gough Whitlam
4%
1909
Aviatrix
Jean Batten
2%
No matching quizzes found
Score Distribution
Percent of People with Each Score
Percentile by Number Answered
Your Score History
You have not taken this quiz